01858nam a2200229Ia 4500001000400000008004100004010000800045041001400053082001400067245021600081260001300297300000800310520000600318630002100324630002200345630002200367630001400389650002400403700002900427700005400456520111800510342241029s9999 xx 000 0 und d a310 aEspañol aMGC13-007 0aIncidencia del rol del director desde el clima organizacional de los Centros Educativos El Papayo y Herminia Pérez, pertenecientes al Distrito Educativo 08-03 del Municipio de Santiago. Año Escolar 2012-2013 aSantiago a109 a5 aAcompañamiento aCalidad Educativa aGestión Escolar aLiderazgo aGestión Educativa easesoraMencía , Pedro eautoraJiménez Rodríguez, Yanelin del Carmen  aEl estudio se planteó como objetivo general  analizar la incidencia del rol del director desde el clima organizacional de los centros educativos El Papayo y Herminia Pérez, pertenecientes al Distrito Educativo 08-03 del Municipio de Santiago, Año Escolar 2012-2013.La investigación fue de tipo descriptiva, porque comprendió la descripción, registro, análisis e interpretación de los datos. El enfoque fue cuantitativo y se centró fundamentalmente en el análisis documental y de campo. El método empleado en el estudio fue deductivo.La población estuvo compuesta por 16 docentes y la directora de la escuela Papagayo,  39 docentes y la directora de la escuela Herminia Pérez en la tanda vespertina.  Se determinó que 56.2% de los docentes estuvieron de acuerdo que se deben planificar frecuentemente las actividades del centro educativo. En cuanto a la participación para la toma de decisión del centro educativo, se encontró  que el 100% de los docentes de las escuelas están en desacuerdo, en que cuando se toma una decisión  no sólo deben participar los directores.